[Event "Netanya op"]
[Site "Netanya"]
[Date "2019.06.26"]
[Round "4"]
[White "Tal Shahar, Liam"]
[Black "Tifferet, Shaked"]
[Result "0-1"]
[WhiteElo "1623"]
[BlackElo "2249"]
[PlyCount "182"]
[EventDate "2019.06.23"]
[EventType "swiss"]
[EventRounds "9"]
[EventCountry "ISR"]
[SourceTitle "CBM 191 Extra"]
[Source "ChessBase"]
[SourceDate "2019.09.30"]
[SourceVersion "1"]
[SourceVersionDate "2019.09.30"]
[SourceQuality "1"]

1. e4 e5 2. Nf3 Nc6 3. Bb5 a6 4. Bxc6 dxc6 5. Nc3 f6 6. d4 exd4 7. Qxd4 Qxd4 8. Nxd4 Bd7 9. Bf4 0-0-0 10. 0-0-0 Ne7 11. Rhe1 g5 12. Be3 Ng6 13. Nce2 h5 14. f4 Bh6 15. fxg5 fxg5 16. Ng3 Nh4 17. Rd2 Rde8 18. Nxh5 Rxe4 19. Nf6 Re7 20. Nxd7 Rxd7 21. g3 Ng6 22. Nf5 Bf8 23. Rxd7 Kxd7 24. Bxg5 Rxh2 25. Nh4 Nh8 26. Bf4 Nf7 27. Nf3 Rf2 28. Ne5+ Nxe5 29. Bxe5 Rg2 30. Bf4 Bd6 31. Rd1 c5 32. c3 b5 33. Rd2 Rg1+ 34. Kc2 Ke6 35. Rf2 c4 36. a3 Bxf4 37. gxf4 Kf5 38. Kd2 Ke4 39. f5 Rg7 40. Kc2 Rf7 41. Rh2 Kxf5 42. Rf2+ Ke6 43. Rh2 Rf6 44. Rh7 Kd6 45. Rh5 Kc6 46. Rg5 Kb6 47. Rg7 Rh6 48. Rf7 Rc6 49. Rf2 Ka5 50. b3 Rh6 51. Kb2 Rh4 52. Rg2 cxb3 53. Kxb3 Kb6 54. Rg6+ c6 55. Rf6 Rc4 56. Rh6 Rg4 57. Rh2 c5 58. Rh6+ Ka5 59. Rh2 Rg3 60. Rf2 Rg6 61. Rh2 c4+ 62. Kb2 Kb6 63. a4 Rg3 64. axb5 axb5 65. Rf2 Ka5 66. Rh2 Ka4 67. Rf2 Rg6 68. Rh2 Rd6 69. Rg2 Rd3 70. Rh2 Ka5 71. Rg2 Kb6 72. Kc2 Kc5 73. Rg5+ Rd5 74. Rg6 Rh5 75. Rg2 Kd5 76. Re2 Re5 77. Rh2 Ke4 78. Rd2 Kf3 79. Rd8 Re2+ 80. Kc1 Ke4 81. Rd4+ Ke5 82. Rd8 Ke4 83. Rd4+ Ke3 84. Rd5 Rh2 85. Rxb5 Kd3 86. Rg5 Re2 87. Rg3+ Re3 88. Rg2 Re1+ 89. Kb2 Re2+ 90. Rxe2 Kxe2 91. Ka3 Kd2 0-1

[Event "Wch U10"]
[Site "Batumi"]
[Date "2016.10.23"]
[Round "5"]
[White "Naestema, Joonas"]
[Black "Tal Shahar, Liam"]
[Result "0-1"]
[WhiteElo "1145"]
[BlackElo "1560"]
[PlyCount "42"]
[EventDate "2016.10.19"]
[EventType "swiss"]
[EventRounds "11"]
[EventCountry "GEO"]
[SourceTitle "CBM 175 Extra"]
[Source "ChessBase"]
[SourceDate "2016.12.12"]
[SourceVersion "1"]
[SourceVersionDate "2016.12.12"]
[SourceQuality "1"]

1. e4 e5 2. Nf3 Nc6 3. Bc4 Bc5 4. c3 Nf6 5. d4 exd4 6. cxd4 Bb4+ 7. Bd2 Bxd2+ 8. Nbxd2 d5 9. exd5 Nxd5 10. Qb3 Nce7 11. 0-0 0-0 12. Rfe1 c6 13. Ne5 f6 14. Nd3 Kh8 15. Ne4 Nf5 16. Bxd5 Nxd4 17. Qc3 Qxd5 18. Nb4 Qd8 19. Rad1 Ne2+ 20. Rxe2 Qxd1+ 21. Re1 Qd8 0-1

[Event "Wch U10"]
[Site "Batumi"]
[Date "2016.10.20"]
[Round "2"]
[White "Tal Shahar, Liam"]
[Black "Pan, Kevin"]
[Result "0-1"]
[WhiteElo "1560"]
[BlackElo "1856"]
[PlyCount "110"]
[EventDate "2016.10.19"]
[EventType "swiss"]
[EventRounds "11"]
[EventCountry "GEO"]
[SourceTitle "CBM 175 Extra"]
[Source "ChessBase"]
[SourceDate "2016.12.12"]
[SourceVersion "1"]
[SourceVersionDate "2016.12.12"]
[SourceQuality "1"]

1. e4 e5 2. Nf3 Nc6 3. Bc4 Bc5 4. Nc3 Nf6 5. d3 d6 6. Be3 Bxe3 7. fxe3 a6 8. 0-0 Na5 9. Bb3 Nxb3 10. axb3 0-0 11. Ne2 Re8 12. Ng3 c6 13. Ng5 h6 14. Nf3 d5 15. exd5 cxd5 16. e4 Qb6+ 17. Kh1 dxe4 18. dxe4 Bg4 19. h3 Nh5 20. Nxh5 Bxh5 21. Qd5 Rad8 22. Qa5 Qc6 23. Nxe5 Qxe4 24. Nd3 Bg6 25. Rae1 Qc6 26. Rxe8+ Rxe8 27. Qd2 Rd8 28. Qf2 Qc7 29. Qe2 Qc6 30. Qf2 Rd6 31. Ne5 Qxc2 32. Qxc2 Bxc2 33. Rxf7 Rd5 34. Rc7 Be4 35. Nc4 Rd3 36. Re7 Bc6 37. Re3 Rxe3 38. Nxe3 Kf7 39. Kg1 Ke6 40. Kf1 Ke5 41. Ke1 h5 42. g3 Bd7 43. h4 Ke4 44. Ke2 a5 45. Kf2 Be6 46. Ng2 Bxb3 47. Nf4 Bf7 48. Ke2 b5 49. Kf2 a4 50. Ke2 b4 51. Kd2 a3 52. bxa3 bxa3 53. Kc3 a2 54. Kb2 Kf3 55. Nxh5 Bxh5 0-1